MDQL
is popping MORE tags! Check the
thread
!
Quizzes
Events
Quiz Creation
Community
Videos
Private Events
Remove Ads
Sign In
Join for FREE
Feedback
Dark Mode
Quiz Categories
Sports
Geography
Music
Movies
Television
Just For Fun
Miscellaneous
History
Literature
Language
Science
Gaming
Entertainment
Religion
Holiday
For Kids
Quiz Lab
Recent
Popular Today
Quiz Kudos Today
Editor Picks
Curator Picks
Quizzes by...
Day
Popularity
Type
Ratings
Length
Year
Community
Subscriptions
Recent Discussions
Orange Saloon
Badges
Playlists
Quests
Create
Leaderboards
Showdown
Live 5
Trivia Bingo
Activity
Puzzle Library
Sporcle Events
Private Events
Virtual Trivia
Globe League
Become a Host
Pub Owners
SporcleCon
Opinionation
Our Games
Videos
Blog
Mobile Apps
Partnerships
Remove Ads and Go Orange
Feedback
Literature
Harry Potter
A Song of Ice and Fire
The Hunger Games
Literary Character
Shakespeare
Book
Author
Novel
Poem
Young Adult
Children's Books
Play
Lord of the Rings
Literature
Harry Potter
A Song of Ice and Fire
The Hunger Games
Literary Character
Shakespeare
Book
Author
Novel
Poem
Young Adult
Children's Books
Play
Lord of the Rings
Random Quiz
Search Sporcle
×
Quiz Lab
Quiz Lab
Literature
Poem
Type in answers that appear in a list
Type in answers that appear in a list
Classic
Best Score? Go Orange.
Dorothy Parker's Resume Stats
Can you name the missing words in the poem Resume by Dorothy Parker?
By
HeatherJ
3m
8 Questions
74 Plays
74 Plays
74 Plays
Comments
Comments
Give Quiz Kudos
Give Quiz Kudos
-
- Ratings
hide this ad
Replay
Link that replays current quiz
Next Quiz
Link to next quiz in quiz playlist
You Got
0%
They Got
Avg Score
84%
Avg Friend Score
Upgrade to see
Score Distribution
Jump to the score distribution portion of the page
Score
0/8
Timer
03:00
0
Plays Today
Resume
Missing Word
% Correct
You might as well _
_
_
_
Live
100%
_
_
_
_
aren't lawful
Guns
93.2%
_
_
_
smells awful
Gas
89.2%
_
_
_
_
_
_
give
Nooses
89.2%
_
_
_
_
_
are damp
Rivers
85.1%
_
_
_
_
_
pain you
Razors
79.7%
And _
_
_
_
_
cause cramp
Drugs
71.6%
_
_
_
_
_
stain you
Acids
66.2%
Quiz Playlist
Details
Report
Send in Message
Add To Playlist
Classic:
Type in answers that appear in a list
Quiz Source
Last Updated: Feb 16, 2017
Quiz Scoreboard
CHALLENGE
Sign Up to Join the Scoreboard
Show All
Scores
Hide
Comments
May contain spoilers
Recently Published
5x2 Blitz: Bands
by SL_Kpop136
Music
30s
Colored Red Africa Blitz
by spor1
Geography
30s
Find the 'City' Movie
by crazypaving
Movies
60s
More to Explore
Quiz From the Vault
Featured Blog Post
14 Easter Pick-up Lines to Find Eggs With
hide this ad
You Might Also Like...
Tags
Poem Quiz
Dorothy
Parker
resume
Today's Top Quizzes in Literature
Browse Literature
hide this ad
Today's Top Quizzes in Poem
Browse Poem
Top Contributed Quizzes in Literature
1
Sneaky Slytherin Logic Puzzle
2
Harry Potter Slytherin Logic Puzzle
3
Get The Picture: Black or White Literature
4
Logic Puzzle: Avoid Dumbledore's Army
5
Mini Trivia Sudoku: A Song of Ice and Fire
6
A Song of Ice and Fire Logic Puzzle
7
One Thing in Common: Literature II
8
Books By Opening Lines IV
9
The Hunger Games Logic Puzzle: Find Katniss
10
Silmarillion Characters by Any 3 Letters
Explore More
Trending Topics
Harry Potter
NBA
Marvel
Disney
Anime
Crossword
Kpop
WWE
Puzzle
NFL
Soccer
The Office
Country
Pokémon
Song
hide this ad
More By:
HeatherJ
Quiz
Plays
Rating
Category
Featured
Created
Foo Fighters Song Spree
2,416
5.00
Music
Dec 18, 2011
Dorothy Parker's Resume
74
5.00
Literature
Sep 17, 2010
Go to Creator's Profile
Score Distribution
Quiz Creator Spotlight
HeatherJ
Follow
Send a Message
Quizzes Created
-
Created Quiz Play Count
-
More By This Creator
Popular Quizzes Today
1
Colored Red Africa Blitz
2
Find the 'City' Movie
3
Find the US States - No Outlines Minefield
4
5x2 Blitz: Bands
5
The Countries of the World
6
Find the US States
7
Find the Countries of Europe - No Outlines Minefield
8
US States
More Literature Quizzes
Profile: Joffrey Baratheon
Published
Trending Quizzes
Colored Red Europe Blitz I
Colored Red Europe Blitz II
Colored Red Africa Blitz II
Colored Red Europe Blitz III
Colored Red Africa Blitz III
Recently Updated
How Do You Spell That?
pecheneg
Godzilla Movies
pecheneg
Grab Bag: 4-10 Letters
pecheneg
2024 March Madness Bracket
pecheneg
Famous TV Couples
Peacemaker
Champions League XIs: Real Madrid
pecheneg
Largest US Cities 1790-2010
pecheneg
Rides in Walt Disney World
pecheneg
Most Oscar Losses (Acting)
pecheneg
Beyoncé Albums
pecheneg
Trending Topics
Crossword
Marvel
NBA
Kpop
Disney
Anime
Harry Potter
Song
Pokémon
Soccer
The Office
NFL
Puzzle
WWE
Country
Your Account Isn't Verified!
In order to create a playlist on Sporcle, you need to verify the email address you used during registration. Go to your
Sporcle Settings
to finish the process.
Report this User
Report this user for behavior that violates our
Community Guidelines
.
Details:
Send Report
Go to the Sporcle.com Mobile Site →
Comments